| 000 | 01200nam a2200313 4500 | ||
|---|---|---|---|
| 003 | EC-UNACH | ||
| 005 | 20260313161617.0 | ||
| 006 | s||||gr|||| 00| 00 | ||
| 008 | 150116t9999 mx r gr 000 0 spa d | ||
| 040 |
_aEC-UNACH _cEC-UNACH |
||
| 041 | _aspa | ||
| 050 | _a530 | ||
| 082 | 0 | 4 |
_223 _a530 _bL018594 |
| 100 | _aSlisko, Josip | ||
| 245 |
_aFísica 1 _bCompetencias + Aprendizaje + Vida |
||
| 250 | _aTercera Edición | ||
| 264 |
_aMéxico D.F., México. _bPearson Educación de México, S.A. _c2013 |
||
| 300 |
_a264 páginas. _bIlustraciones, Tablas, Gráficos. _c21 x 27 cm. |
||
| 501 | _aIncluye: Contenido, Bibliografía. | ||
| 505 | _aBloque 1. Reconoces el lenguaje técnico básico de la física -- Bloque 2. Identificas diferencias entre distintos tipos de movimiento -- Bloque 3. Comprendes el movimiento de los cuerpos a partir de las Leyes de la Dinámica de Newton -- Bloque 4. Relacionas el trabajo con la energía. | ||
| 650 | _aFÍSICA | ||
| 650 | _aMOVIMIENTOS | ||
| 650 | _aDINÁMICA DE NEWTON | ||
| 650 | _aENERGÍA | ||
| 942 |
_2ddc _c1 |
||
| 999 | _c14412 | ||